Arqueología de un mundo imaginario, (Registro nro. 13869)

Detalles MARC
000 -LEADER
fixed length control field 01463nam a2200349 a 4500
001 - CONTROL NUMBER
control field
003 - CONTROL NUMBER IDENTIFIER
control field OSt
005 - DATE AND TIME OF LATEST TRANSACTION
control field 20211112071258.0
008 - FIXED-LENGTH DATA ELEMENTS--GENERAL INFORMATION
fixed length control field 090630s2007 dr r 000 0 spa d
020 ## - INTERNATIONAL STANDARD BOOK NUMBER
International Standard Book Number 9789945161663
040 ## - CATALOGING SOURCE
Original cataloging agency DO-SdBNP
Language of cataloging spa
Transcribing agency BPMSU
082 ## - DEWEY DECIMAL CLASSIFICATION NUMBER
Classification number RD863.4
Item number B742p 2007
Edition number 22
100 1# - MAIN ENTRY--PERSONAL NAME
Personal name Piña Contrera, Guillermo,
Titles and words associated with a name 1952-
245 10 - TITLE STATEMENT
Title Arqueología de un mundo imaginario,
Remainder of title La Mañosa de Juan Bosch /
Statement of responsibility, etc. Guillermo Piña Contreras ; prólogo Marcio Veloz Maggiolo.
246 13 - VARYING FORM OF TITLE
Title proper/short title La Mañosa de Juan Bosch
260 ## - PUBLICATION, DISTRIBUTION, ETC. (IMPRINT)
Place of publication, distribution, etc. Santo Domingo :
Name of publisher, distributor, etc. Comisión Permanente de Efemérides Patrias,
Date of publication, distribution, etc. 2007.
300 ## - PHYSICAL DESCRIPTION
Extent 234 p. ;
Dimensions 23 cm.
490 0# - SERIES STATEMENT
Series statement Publicaciones de la Comisión Permanente de Efemérides Patrias
Volume/sequential designation 26
500 ## - GENERAL NOTE
General note Incluye datos biográficos del autor en la solapa.
500 ## - GENERAL NOTE
General note Incluye cronología de la vida de Juan Bosch (p.169-228).
500 ## - GENERAL NOTE
General note Incluye referencias bibliográficas y notas al pie de las páginas.
504 ## - BIBLIOGRAPHY, ETC. NOTE
Bibliography, etc Bibliografía de La Mañosa : p. 161-168
563 ## - BINDING INFORMATION
Binding note Dos obras encuadernadas juntas con paginación continua
590 ## - LOCAL NOTE (RLIN)
Local note Inventariado, 2021/VM
600 10 - SUBJECT ADDED ENTRY--PERSONAL NAME
Personal name Bosch, Juan,
Dates associated with a name 1909-2001
General subdivision Crítica e interpretación
610 14 - SUBJECT ADDED ENTRY--CORPORATE NAME
Corporate name or jurisdiction name as entry element Comisión Permanente de Efemérides Patrias (República Dominicana)
650 #4 - SUBJECT ADDED ENTRY--TOPICAL TERM
Topical term or geographic name as entry element Crítica literaria
Geographic subdivision República Dominicana
650 #4 - SUBJECT ADDED ENTRY--TOPICAL TERM
Topical term or geographic name as entry element Novela dominicana
700 1# - ADDED ENTRY--PERSONAL NAME
Personal name Veloz Maggiolo, Marcio,
Dates associated with a name 1936-2021
Relator term pról.
910 ## - USER-OPTION DATA (OCLC)
User-option data VMateo V.
942 ## - ADDED ENTRY ELEMENTS (KOHA)
Source of classification or shelving scheme Dewey Decimal Classification
Koha item type Libros
Existencias
Withdrawn status Lost status Source of classification or shelving scheme Damaged status Not for loan Collection code Home library Current library Date acquired Source of acquisition Total Checkouts Full call number Barcode Date last seen Price effective from Koha item type
    Dewey Decimal Classification     Colección Dominicana Biblioteca Pública Metropolitana Salomé Ureña Biblioteca Pública Metropolitana Salomé Ureña 11/12/2021 Fundacón Juan Bosch   BPMSU CD RD863.4 B742P 2007 BPMSU21110082 11/12/2021 11/12/2021 Libros